000 00525nam a2200181 4500
001 1281
005 20181127163027.0
008 900711s1991 nyu 000 1 eng
010 _a90003944
020 _a0385301499 (hard)
100 1 _aBinchy, Maeve.
245 1 0 _aCircle of friends /
_cby Maeve Binchy.
260 _aNew York, N.Y. :
_bDelacorte Press,
_c1991.
300 _a565 p. ;
_c25 cm.
650 _aFriendship
_vFiction.
_x
_y
_z
_2
650 _aYoung women
_vFiction.
_x
_y
_z
_2
651 _aDublin (Ireland)
_vFiction.
_x
_y
_z
_2
999 _c916
_d916